Countries that Eat the Most Ice Cream - Statistics

General Stats
  • This quiz has been taken 420 times
  • The average score is 7 of 10
Answer Stats
Liters/Year Answer % Correct
20.8 United States
99%
7.0 United Kingdom
89%
10.6 Canada
87%
8.0 Italy
87%
18.0 Australia
81%
28.4 New Zealand
66%
12.0 Sweden
61%
8.4 Ireland
55%
14.2 Finland
53%
9.8 Denmark
52%
No matching quizzes found
Score Distribution
Percent of People with Each Score
Percentile by Number Answered
Your Score History
You have not taken this quiz